Star Wars - 50 Planets - Statistics

General Stats
  • This quiz has been taken 39 times
    28 since last reset
  • The average score is 18 of 50
Answer Stats
# Region Planet % Correct
47 Outer Rim Tatooine
94%
01 Core Alderaan
82%
09 Core Coruscant
82%
21 Outer Rim Kamino
82%
30 Outer Rim Mustafar
82%
32 Mid Rim Naboo
82%
10 Outer Rim Dagobah
76%
18 Outer Rim Geonosis
76%
19 Outer Rim Hoth
76%
02 Outer Rim Bespin
71%
22 Mid Rim Kashyyyk
71%
15 Outer Rim Endor
65%
50 Outer Rim Yavin IV
65%
49 Outer Rim Utapau
59%
16 Outer Rim Felucia
53%
23 Outer Rim Kessel
53%
28 Outer Rim Mandalore
47%
08 Core Corellia
41%
11 Outer Rim Dantooine
41%
41 Outer Rim Ryloth
41%
43 Outer Rim Scarif
41%
12 Outer Rim Dathomir
35%
31 Outer Rim Mygeeto
35%
29 Outer Rim Mon Cala
29%
36 Outer Rim Polis Massa
29%
39 Outer Rim Rodia
29%
14 Outer Rim Eadu
24%
20 Mid Rim Jedha
24%
26 Outer Rim Lothal
24%
27 Mid Rim Malastare
24%
05 Core Chandrila
18%
33 Outer Rim Nal Hutta
18%
37 Outer Rim Raxus Prime
18%
42 Outer Rim Saleucami
18%
45 Outer Rim Sullust
18%
48 Expansion Umbara
18%
04 Colonies Cato Neimoidia
12%
07 Outer Rim Concordia
12%
13 Core Duro
12%
17 Outer Rim Florrum
12%
24 Core Kuat
12%
35 Mid Rim Ord Mantell
12%
03 Colonies Carida
6%
06 Mid Rim Concord Dawn
6%
34 Inner Rim Onderon
6%
38 Outer Rim Rishi
6%
44 Outer Rim Scipio
6%
46 Inner Rim Taanab
6%
25 Outer Rim Lah'mu
0%
40 Outer Rim Rugosa
0%
No matching quizzes found
Score Distribution
Percent of People with Each Score
Percentile by Number Answered
Your Score History
You have not taken this quiz since the last reset